Từ điển giáo khoa Sinh Học
Uloženo v:
| Hlavní autor: | |
|---|---|
| Další autoři: | , , , , , , , , |
| Médium: | Kniha |
| Vydáno: |
Hà Nội
Giáo dục
2011
|
| Témata: | |
| Tagy: |
Přidat tag
Žádné tagy, Buďte první, kdo otaguje tento záznam!
|
| Thư viện lưu trữ: | Trung tâm Học liệu Lê Vũ Hùng, Trường Đại học Đồng Tháp |
|---|
| LEADER | 01143pam a22003978a 4500 | ||
|---|---|---|---|
| 001 | 00037079 | ||
| 005 | 20171026081023.0 | ||
| 008 | 170424s2011 ||||||Viesd | ||
| 020 | # | # | |c 1100000 |
| 041 | 0 | # | |a Vie |
| 082 | 1 | 4 | |a 570.3 |b T550Đ |
| 100 | 1 | # | |a Trần, Bá Hoành |e Chủ biên |
| 245 | 0 | 0 | |a Từ điển giáo khoa Sinh Học |c Trần Bá Hoành; Trần Bá Cừ; Thái Trần Bái |
| 260 | # | # | |a Hà Nội |b Giáo dục |c 2011 |
| 300 | # | # | |a 1335tr. |c 24 cm. |
| 653 | # | # | |a Khoa học |
| 653 | # | # | |a Sinh học |
| 653 | # | # | |a Định nghĩa |
| 700 | 1 | # | |a Hoàng, Thị Sản |
| 700 | 1 | # | |a Vũ, Văn Vụ |
| 700 | 1 | # | |a Trần, Kiên |
| 700 | 1 | # | |a Lê, Quang Long |
| 700 | 1 | # | |a Mai, Sỹ Tuấn |
| 700 | 1 | # | |a Nguyễn, Như Hiền |
| 700 | 1 | # | |a Phạm, Văn Ty |
| 700 | 1 | # | |a Thái, Trần Bái |
| 700 | 1 | # | |a Trần, Bá Cừ |
| 852 | # | # | |j KD.0019919 |
| 852 | # | # | |b Kho đọc |j KD.0019919 |
| 910 | |d 24/04/2017 | ||
| 980 | # | # | |a Trung tâm Học liệu Lê Vũ Hùng, Trường Đại học Đồng Tháp |